Principles of artificial lift / (Record no. 78008)

MARC details
000 -LEADER
fixed length control field 00622nam a22002057a 4500
005 - DATE AND TIME OF LATEST TRANSACTION
control field 20130829110429.0
010 ## - LCCN (DPL NO)
LC control number ENG-108136
020 ## - INTERNATIONAL STANDARD BOOK NUMBER
International Standard Book Number 9788184247640
Terms of availability 1350.00
035 ## - SYSTEM CONTROL NUMBER
System control number EN-91669
037 ## - SOURCE OF ACQUISITION
Source of stock number/acquisition DBAD/PUB
082 ## - DEWEY DECIMAL CLASSIFICATION NUMBER
Classification number 622.338
100 ## - MAIN ENTRY--PERSONAL NAME
Personal name Mitra, Niladri Kumar
245 ## - TITLE STATEMENT
Title Principles of artificial lift /
Statement of responsibility, etc by Niladri Kumar Mitra
260 ## - PUBLICATION, DISTRIBUTION, ETC. (IMPRINT)
Place of publication, distribution, etc New Delhi
Name of publisher, distributor, etc Allied Publishers
Date of publication, distribution, etc 2012
270 ## - ADDRESS
City New Delhi
Postal code 110002
Address 1/13-14 Asaf Ali Road
300 ## - PHYSICAL DESCRIPTION
Extent x,454p. :
Dimensions 24cm(Hb)
Other physical details ill.
500 ## - GENERAL NOTE
General note Includes bibliographical references
700 ## - ADDED ENTRY--PERSONAL NAME
Personal name Adesh Kumar
942 ## - ADDED ENTRY ELEMENTS (KOHA)
Source of classification or shelving scheme Dewey Decimal Classification
Item type English Books
Call number suffix MIT
Classification part 622.338
Holdings
Withdrawn status Lost status Not for loan Collection code Home library Current library Date acquired Source of acquisition Cost, normal purchase price Full call number Barcode Copy number Cost, replacement price Koha item type
    Not For Loan Non-fiction D.B.Act.Division D.B.Act.Division 24/07/2013 DBAD/PUB 1350.00 622.338 MIT EN-91669 1 1350.00 English Books

© Delhi Public Library
Hit Counter
free hit counter